Introduction to probability and statistics for engineers and scientists / (Record no. 4860)
[ view plain ]
| 000 -LEADER | |
|---|---|
| fixed length control field | 01405nac a22003611i 4500 |
| 003 - CONTROL NUMBER IDENTIFIER | |
| control field | EG-ScBUE |
| 005 - DATE AND TIME OF LATEST TRANSACTION | |
| control field | 20241110100609.0 |
| 006 - FIXED-LENGTH DATA ELEMENTS--ADDITIONAL MATERIAL CHARACTERISTICS--GENERAL INFORMATION | |
| fixed length control field | m||||fq||h 00| 0 |
| 008 - FIXED-LENGTH DATA ELEMENTS--GENERAL INFORMATION | |
| fixed length control field | 241110t2004 maua f 001 0 eng d |
| 020 ## - INTERNATIONAL STANDARD BOOK NUMBER | |
| International Standard Book Number | 0125980574 (text) |
| 020 ## - INTERNATIONAL STANDARD BOOK NUMBER | |
| International Standard Book Number | 0125980590 (CD-ROM) |
| 040 ## - CATALOGING SOURCE | |
| Original cataloging agency | EG-ScBUE |
| Language of cataloging | eng |
| Description conventions | rda |
| Transcribing agency | EG-ScBUE |
| Modifying agency | EG-ScBUE |
| 082 04 - DEWEY DECIMAL CLASSIFICATION NUMBER | |
| Classification number | 519.2 |
| Item number | ROS |
| Edition number | 22 |
| 100 1# - MAIN ENTRY--PERSONAL NAME | |
| Personal name | Ross, Sheldon M., |
| Relator term | author. |
| 245 10 - TITLE STATEMENT | |
| Title | Introduction to probability and statistics for engineers and scientists / |
| Statement of responsibility, etc | Sheldon M. Ross, Department of Industrial Engineering and Operations Research, University of California, Berkeley. |
| 250 ## - EDITION STATEMENT | |
| Edition statement | Third edition. |
| 264 #1 - PUBLICATION, DISTRIBUTION, ETC. (IMPRINT) | |
| Place of publication, distribution, etc | Burlington, MA : |
| Name of publisher, distributor, etc | Elsevier Academic Press, |
| Date of publication, distribution, etc | [2004] |
| 264 #4 - PUBLICATION, DISTRIBUTION, ETC. (IMPRINT) | |
| Date of publication, distribution, etc | c2004 |
| 300 ## - PHYSICAL DESCRIPTION | |
| Extent | xv, 624 pages : |
| Other physical details | illustrations ; |
| Dimensions | 24 cm + |
| Accompanying material | 1 CD |
| 336 ## - CONTENT TYPE | |
| Source | rdacontent |
| Content type term | text |
| Content type code | txt |
| 336 ## - CONTENT TYPE | |
| Source | rdacontent |
| Content type term | sounds |
| Content type code | snd |
| 337 ## - MEDIA TYPE | |
| Media type term | unmediated |
| Source | rdamedia |
| Media type code | n |
| 337 ## - MEDIA TYPE | |
| Media type term | audio |
| Source | rdamedia |
| Media type code | s |
| 338 ## - CARRIER TYPE | |
| Carrier type term | volume |
| Carrier type code | nc |
| Source | rdacarrier |
| 338 ## - CARRIER TYPE | |
| Carrier type term | computer disc |
| Carrier type code | cd |
| Source | rdacarrier |
| 500 ## - GENERAL NOTE | |
| General note | Includes index. |
| 650 #7 - SUBJECT ADDED ENTRY--TOPICAL TERM | |
| Topical term or geographic name as entry element | Probabilities. |
| Source of heading or term | BUEsh |
| 650 #7 - SUBJECT ADDED ENTRY--TOPICAL TERM | |
| Topical term or geographic name as entry element | Mathematical statistics. |
| Source of heading or term | BUEsh |
| 655 ## - INDEX TERM--GENRE/FORM | |
| Form subdivision | Reading book |
| 856 42 - ELECTRONIC LOCATION AND ACCESS | |
| Materials specified | Publisher description |
| Uniform Resource Identifier | <a href="http://www.loc.gov/catdir/enhancements/fy0620/2004276397-d.html">http://www.loc.gov/catdir/enhancements/fy0620/2004276397-d.html</a> |
| 856 42 - ELECTRONIC LOCATION AND ACCESS | |
| Materials specified | Table of contents only |
| Uniform Resource Identifier | <a href="http://www.loc.gov/catdir/enhancements/fy0620/2004276397-t.html">http://www.loc.gov/catdir/enhancements/fy0620/2004276397-t.html</a> |
| 942 ## - ADDED ENTRY ELEMENTS (KOHA) | |
| Koha item type | Book - Borrowing |
| Source of classification or shelving scheme | Dewey Decimal Classification |
| Withdrawn status | Lost status | Source of classification or shelving scheme | Damaged status | Not for loan | Collection code | Home library | Current library | Shelving location | Date acquired | Source of acquisition | Total Checkouts | Total Renewals | Full call number | Barcode | Date last seen | Date checked out | Price effective from | Koha item type | Cost, normal purchase price | Cost, replacement price | Checked out | Materials specified (bound volume or other part) |
|---|---|---|---|---|---|---|---|---|---|---|---|---|---|---|---|---|---|---|---|---|---|---|
| Dewey Decimal Classification | Baccah | Central Library | Central Library | First floor | 25/09/2007 | Purchase | 14 | 2 | 519.2 ROS | 000001896 | 15/07/2025 | 29/07/2018 | 19/02/2007 | Book - Borrowing | ||||||||
| Lost and Paid For | Dewey Decimal Classification | Baccah | Central Library | Central Library | First floor | 25/09/2007 | Purchase | 12 | 9 | 519.2 ROS | 000006053 | 29/07/2018 | 29/07/2018 | Book - Borrowing | 600.00 | 750.00 | ||||||
| Dewey Decimal Classification | Baccah | Central Library | Central Library | First floor | 25/09/2007 | Purchase | 11 | 51 | 519.2 ROS | 000001895 | 09/03/2011 | 09/03/2011 | 01/10/2007 | Book - Borrowing | 16/03/2011 | |||||||
| Dewey Decimal Classification | Baccah | Central Library | Central Library | First floor | 10/09/2008 | Purchase | 6 | 13 | 519.2 ROS | 000013892 | 15/07/2025 | 16/07/2014 | 10/09/2008 | Book - Borrowing | ||||||||
| Dewey Decimal Classification | Baccah | Central Library | Central Library | First floor | 10/09/2008 | Purchase | 9 | 519.2 ROS | 000013891 | 15/07/2025 | 12/10/2010 | 10/09/2008 | Book - Borrowing | |||||||||
| Dewey Decimal Classification | Baccah | Central Library | Central Library | First floor | 19/10/2008 | Purchase | 7 | 2 | 519.2 ROS | 000013666 | 15/07/2025 | 11/12/2017 | 19/10/2008 | Book - Borrowing | ||||||||
| Dewey Decimal Classification | Baccah | Central Library | Central Library | First floor | 19/10/2008 | Purchase | 4 | 519.2 ROS | 000013665 | 15/07/2025 | 25/08/2009 | 19/10/2008 | Book - Borrowing | |||||||||
| Dewey Decimal Classification | Baccah | Central Library | Central Library | First floor | 27/10/2008 | Purchase | 519.2 ROS | 000014144 | 24/08/2022 | 27/10/2008 | CD | DVD - With book | |||||||||||
| Dewey Decimal Classification | Baccah | Central Library | Central Library | First floor | 27/10/2008 | Purchase | 2 | 519.2 ROS | 000014145 | 24/08/2022 | 16/07/2014 | 27/10/2008 | CD | DVD - With book | |||||||||
| Dewey Decimal Classification | Baccah | Central Library | Central Library | First floor | 31/03/2009 | Purchase | 519.2 ROS | 000015497 | 24/08/2022 | 31/03/2009 | CD | DVD - With book (NB) | |||||||||||
| Lost | Dewey Decimal Classification | Baccah | Central Library | Central Library | First floor | 07/07/2011 | Purchase | 519.2 ROS | 000029210 | 08/10/2014 | 07/07/2011 | CD | DVD - With book | Lost In Inventory_2015-8-23 | |||||||||
| Dewey Decimal Classification | Baccah | Central Library | Central Library | First floor | 07/07/2011 | Purchase | 519.2 ROS | 000001894 | 15/07/2025 | 07/07/2011 | NB - Book (Non borrowing) |